WORK OF NATIONS PREPARING OURSELVES FOR (Record no. 24382)

MARC details
000 -LEADER
fixed length control field 00341nam a2200133Ia 4500
008 - FIXED-LENGTH DATA ELEMENTS--GENERAL INFORMATION
fixed length control field 240624s9999 xx 000 0 und d
041 ## - LANGUAGE CODE
Language code of text/sound track or separate title eng
082 ## - DEWEY DECIMAL CLASSIFICATION NUMBER
Classification number 330.905 REI
100 ## - MAIN ENTRY--PERSONAL NAME
Personal name REICH ROBERT B
245 ## - TITLE STATEMENT
Title WORK OF NATIONS PREPARING OURSELVES FOR
260 ## - PUBLICATION, DISTRIBUTION, ETC.
Date of publication, distribution, etc. 1991
Place of publication, distribution, etc. New York
Name of publisher, distributor, etc. Knopf
300 ## - PHYSICAL DESCRIPTION
Extent xii, : 331 : p. : cm. ; 24
365 ## - TRADE PRICE
Currency code
Holdings
Withdrawn status Lost status Damaged status Not for loan Home library Current library Shelving location Date acquired Cost, normal purchase price Full call number Barcode Date last seen Copy number Price effective from Koha item type
        IMTN IMTN Rack 8-A 07/21/2015 27.50 330.905 REI 24382 06/24/2024 67.3 06/24/2024 Books
Designed & Maintained by: LRC IMT Nagpur Contact: lrc@imtnag.ac.in© 2024. All Rights Reserved.